[Event "Bayern-chI Bank Hofmann 21st"]
[Site "Tegernsee"]
[Date "2017.10.30"]
[Round "3"]
[White "Wiendieck, Joerg"]
[Black "Lubbe, Nikolas"]
[Result "0-1"]
[WhiteElo "1963"]
[BlackElo "2515"]
[PlyCount "70"]
[EventDate "2017.10.28"]
[EventType "swiss"]
[EventRounds "9"]
[EventCountry "GER"]
[SourceTitle "CBM 181 Extra"]
[Source "ChessBase"]
[SourceDate "2017.12.12"]
[SourceVersion "1"]
[SourceVersionDate "2017.12.12"]
[SourceQuality "1"]

1. c4 Nf6 2. g3 e5 3. Bg2 Nc6 4. Nc3 Bc5 5. Nf3 d6 6. 0-0 a6 7. h3 0-0 8. e3 Ba7 9. d4 h6 10. dxe5 dxe5 11. Qe2 Be6 12. b3 Qe7 13. Nd2 Rad8 14. Bb2 Nb4 15. Ba3 c6 16. Rfd1 a5 17. Rac1 Nd7 18. e4 Nc5 19. Nf3 Qc7 20. Rxd8 Rxd8 21. Rd1 Ncd3 22. Rf1 f6 23. Bc1 Nxc1 24. Rxc1 Nd3 25. Rf1 Rd6 26. Ne1 Nxe1 27. Rxe1 Qd7 28. Rd1 Bd4 29. c5 Bxc5 30. Rxd6 Qxd6 31. Nd1 Qd4 32. Ne3 Qa1+ 33. Nf1 Bd4 34. Kh2 a4 35. Nd2 Qxa2 0-1

[Event "Arber op 1st"]
[Site "Bayerisch Eisenstein"]
[Date "2012.08.25"]
[Round "8"]
[White "Wiendieck, Joerg"]
[Black "Miesbauer, Jan"]
[Result "0-1"]
[WhiteElo "1857"]
[BlackElo "1896"]
[PlyCount "46"]
[EventDate "2012.08.18"]
[EventType "swiss"]
[EventRounds "9"]
[EventCountry "GER"]
[SourceTitle "CBM 150 Extra"]
[Source "ChessBase"]
[SourceDate "2012.10.19"]
[SourceVersion "1"]
[SourceVersionDate "2012.10.19"]
[SourceQuality "1"]

1. d4 Nf6 2. Nf3 e6 3. Bf4 b6 4. e3 Bb7 5. Bd3 Be7 6. Nbd2 d6 7. e4 Nbd7 8. c3 c5 9. Qe2 Nh5 10. Be3 Nhf6 11. h3 e5 12. 0-0 0-0 13. Rfd1 Qc7 14. Rac1 Rfd8 15. Nh2 Rac8 16. f4 Nf8 17. fxe5 dxe5 18. d5 Ng6 19. g3 Qd7 20. Kg2 Bxd5 21. Bxc5 Bxc5 22. exd5 Nxd5 23. Nc4 Ndf4+ 0-1

[Event "Arber op 1st"]
[Site "Bayerisch Eisenstein"]
[Date "2012.08.21"]
[Round "4"]
[White "Wiendieck, Joerg"]
[Black "Wawrinsky, Ludwig"]
[Result "1-0"]
[WhiteElo "1857"]
[BlackElo "1656"]
[PlyCount "61"]
[EventDate "2012.08.18"]
[EventType "swiss"]
[EventRounds "9"]
[EventCountry "GER"]
[SourceTitle "CBM 150 Extra"]
[Source "ChessBase"]
[SourceDate "2012.10.19"]
[SourceVersion "1"]
[SourceVersionDate "2012.10.19"]
[SourceQuality "1"]

1. d4 Nf6 2. Nf3 e6 3. Bf4 b6 4. e3 Be7 5. Bd3 Nh5 6. Bg3 Nxg3 7. hxg3 g6 8. c3 Bb7 9. Nbd2 d5 10. Ne5 Bf6 11. f4 Bxe5 12. dxe5 Nd7 13. Nf3 Qe7 14. Qe2 Nc5 15. 0-0-0 0-0-0 16. Nd4 Nxd3+ 17. Qxd3 Kb8 18. Rh6 a6 19. Rdh1 c5 20. Nf3 b5 21. Rxh7 Rxh7 22. Rxh7 b4 23. Qxg6 bxc3 24. bxc3 c4 25. Qxf7 Qxf7 26. Rxf7 Rh8 27. Re7 Rh1+ 28. Kb2 Bc8 29. Nd4 Rg1 30. Nc6+ Ka8 31. Ra7# 1-0

[Event "Arber op 1st"]
[Site "Bayerisch Eisenstein"]
[Date "2012.08.19"]
[Round "2"]
[White "Wiendieck, Joerg"]
[Black "Bergmann, Reiner"]
[Result "1-0"]
[WhiteElo "1857"]
[BlackElo "1748"]
[PlyCount "27"]
[EventDate "2012.08.18"]
[EventType "swiss"]
[EventRounds "9"]
[EventCountry "GER"]
[SourceTitle "CBM 150 Extra"]
[Source "ChessBase"]
[SourceDate "2012.10.19"]
[SourceVersion "1"]
[SourceVersionDate "2012.10.19"]
[SourceQuality "1"]

1. d4 Nf6 2. Nf3 g6 3. Nc3 Bg7 4. e4 d6 5. Bf4 0-0 6. Qd2 Re8 7. 0-0-0 c6 8. Bh6 Bh8 9. h3 b5 10. e5 b4 11. exf6 bxc3 12. Qxc3 Bxf6 13. Bc4 c5 14. Bd5 1-0

[Event "Regionalliga SW 1112"]
[Site "Bayern"]
[Date "2011.12.11"]
[Round "4.7"]
[White "Suess, Stefan1111"]
[Black "Wiendieck, Joerg"]
[Result "1/2-1/2"]
[WhiteElo "1832"]
[BlackElo "1864"]
[PlyCount "107"]
[EventDate "2011.10.02"]
[EventType "team-tourn"]
[EventRounds "9"]
[EventCountry "GER"]
[SourceTitle "EXT 2013"]
[Source "ChessBase"]
[SourceDate "2012.11.22"]
[SourceVersion "1"]
[SourceVersionDate "2012.11.22"]
[SourceQuality "1"]
[WhiteTeam "Schwabing SG Nord"]
[BlackTeam "Krumbach II"]
[WhiteTeamCountry "GER"]
[BlackTeamCountry "GER"]

1. e4 c5 2. Nf3 g6 3. d4 cxd4 4. Nxd4 Bg7 5. c4 Nc6 6. Be3 d6 7. Nc3 Nf6 8. Be2 0-0 9. 0-0 Nxd4 10. Bxd4 Be6 11. Rc1 Qa5 12. b3 Nd7 13. Bxg7 Kxg7 14. f4 f6 15. Kh1 a6 16. Bg4 Bxg4 17. Qxg4 f5 18. Qe2 Rae8 19. Qb2 Kg8 20. Rcd1 Nf6 21. b4 Qc7 22. Qe2 Rc8 23. e5 dxe5 24. fxe5 Qxc4 25. Qxc4+ Rxc4 26. exf6 Rxc3 27. fxe7 Re8 28. Rd7 Re3 29. Rxb7 R8xe7 30. Rxe7 Rxe7 31. Rb1 Re2 32. a4 Re5 33. b5 axb5 34. axb5 Re7 35. b6 Rb7 36. Kg1 Kf7 37. Kf2 Kf6 38. Ke3 Ke6 39. Kd4 Kd6 40. Kc4 Kc6 41. Rb2 Rxb6 42. Rxb6+ Kxb6 43. Kd5 Kc7 44. Ke6 Kd8 45. Kf7 f4 46. h4 Kd7 47. Kf6 Kd6 48. h5 gxh5 49. Kf5 Ke7 50. Kxf4 Kf6 51. Kg3 Kg5 52. Kh3 h4 53. g3 hxg3 54. Kxg3 1/2-1/2

[Event "Augsburg Afro op-A 18th"]
[Site "Augsburg"]
[Date "2011.08.04"]
[Round "1"]
[White "Kaufeld, Juergen"]
[Black "Wiendieck, Joerg"]
[Result "1-0"]
[WhiteElo "2260"]
[BlackElo "1966"]
[PlyCount "77"]
[EventDate "2011.08.04"]
[EventType "swiss"]
[EventRounds "7"]
[EventCountry "GER"]
[SourceTitle "EXT 2015"]
[Source "ChessBase"]
[SourceDate "2014.11.20"]
[SourceVersion "1"]
[SourceVersionDate "2014.11.20"]
[SourceQuality "1"]

1. e4 c5 2. Nf3 g6 3. d4 cxd4 4. Qxd4 Nf6 5. Nc3 Nc6 6. Qa4 d6 7. e5 Ng4 8. exd6 exd6 9. Bb5 Bd7 10. 0-0 Bg7 11. Ne4 Qc7 12. Bf4 Nge5 13. Nxd6+ Qxd6 14. Nxe5 Nxe5 15. Bxe5 Bxe5 16. Rad1 Qf6 17. Rxd7 0-0 18. Rxb7 Bxb2 19. Rxa7 Rad8 20. Bc4 Rd2 21. Ra6 Qe7 22. Bd3 Rd8 23. Qa5 R8xd3 24. cxd3 Rxd3 25. Ra8+ Kg7 26. Rc8 Qe2 27. Qb5 Bd4 28. Rcc1 Qd2 29. Qc4 Bc3 30. a4 h5 31. g3 g5 32. Rcd1 Qxd1 33. Rxd1 Rxd1+ 34. Kg2 Bd4 35. Qb4 Kf6 36. a5 g4 37. a6 Ke5 38. a7 Ra1 39. Qb8+ 1-0

[Event "Regionalliga SW 1011"]
[Site "Bayern"]
[Date "2011.02.27"]
[Round "7.8"]
[White "Wiendieck, Joerg"]
[Black "Demir, Bilal"]
[Result "0-1"]
[WhiteElo "1836"]
[BlackElo "2070"]
[PlyCount "92"]
[EventDate "2010.10.10"]
[EventType "team-tourn"]
[EventRounds "9"]
[EventCountry "GER"]
[SourceTitle "EXT 2012"]
[Source "ChessBase"]
[SourceDate "2011.11.24"]
[SourceVersion "1"]
[SourceVersionDate "2011.11.24"]
[SourceQuality "1"]
[WhiteTeam "Krumbach II"]
[BlackTeam "Unterhaching"]
[WhiteTeamCountry "GER"]
[BlackTeamCountry "GER"]

1. d4 d6 2. e4 Nf6 3. Bd3 e5 4. c3 Be7 5. Ne2 0-0 6. 0-0 c6 7. b3 Bg4 8. Be3 Nbd7 9. f3 Bh5 10. Na3 d5 11. Nc2 Re8 12. Ng3 Bg6 13. exd5 Nxd5 14. Bxg6 hxg6 15. Bd2 exd4 16. Nxd4 Bc5 17. Re1 Bxd4+ 18. cxd4 Qb6 19. Ne2 Re6 20. Kf1 Rae8 21. Qc2 Ne3+ 22. Bxe3 Rxe3 23. Rad1 Nf6 24. Qc5 Qa6 25. Rd2 Nd5 26. Qc4 Rxf3+ 27. Kg1 Rfe3 28. Qxa6 bxa6 29. Kf2 Nf4 30. Kf1 f5 31. g3 Nxe2 32. Rexe2 Rxe2 33. Rxe2 Rxe2 34. Kxe2 Kf7 35. Ke3 g5 36. h4 Kf6 37. h5 a5 38. a3 Kf7 39. b4 axb4 40. axb4 a6 41. Kd3 Kg8 42. Kc4 Kh7 43. d5 cxd5+ 44. Kxd5 Kh6 45. Ke5 g6 46. Kf6 Kxh5 0-1

[Event "BL2-Sued 0910"]
[Site "Germany"]
[Date "2010.03.21"]
[Round "8.8"]
[White "Koehler, Ronald"]
[Black "Wiendieck, Joerg"]
[Result "1-0"]
[WhiteElo "2275"]
[BlackElo "1995"]
[PlyCount "59"]
[EventDate "2009.10.18"]
[EventType "team-tourn"]
[EventRounds "9"]
[EventCountry "GER"]
[SourceTitle "EXT 2011"]
[Source "ChessBase"]
[SourceDate "2010.11.26"]
[SourceVersion "1"]
[SourceVersionDate "2010.11.26"]
[SourceQuality "1"]
[WhiteTeam "Griesheim"]
[BlackTeam "Krumbach"]
[WhiteTeamCountry "GER"]
[BlackTeamCountry "GER"]

1. d4 Nf6 2. c4 e5 3. dxe5 Ng4 4. e3 Nxe5 5. Nh3 Bc5 6. Nf4 d6 7. Nc3 0-0 8. Be2 Bf5 9. 0-0 Nbc6 10. b3 a6 11. Bb2 Ne7 12. Qd2 N7g6 13. Ncd5 c6 14. b4 cxd5 15. bxc5 dxc5 16. Nxd5 Re8 17. Rad1 Rb8 18. Qc3 f6 19. f4 Nc6 20. Bf3 Be4 21. Bxe4 Rxe4 22. Qc2 Re8 23. Nxf6+ gxf6 24. Rxd8 Rbxd8 25. Bxf6 Rd6 26. Qc3 Nb4 27. Bg5 Rd3 28. Qf6 Rdxe3 29. f5 Rf8 30. Qd6 1-0

[Event "Oberliga Bayern 0809"]
[Site "Bayern"]
[Date "2008.10.26"]
[Round "2.7"]
[White "Wiendieck, Joerg"]
[Black "Tratberger, Rainer"]
[Result "1/2-1/2"]
[WhiteElo "1836"]
[BlackElo "1948"]
[PlyCount "33"]
[EventDate "2008.10.05"]
[EventType "team-tourn"]
[EventRounds "9"]
[EventCountry "GER"]
[SourceTitle "EXT 2020"]
[Source "ChessBase"]
[SourceDate "2019.10.17"]
[SourceVersion "1"]
[SourceVersionDate "2019.10.17"]
[SourceQuality "1"]
[WhiteTeam "Krumbach"]
[BlackTeam "Burgsinn"]
[WhiteTeamCountry "GER"]
[BlackTeamCountry "GER"]

1. d4 d5 2. g3 Nf6 3. Bg2 c6 4. Nf3 Bf5 5. 0-0 h6 6. Nbd2 e6 7. c4 Be7 8. cxd5 exd5 9. Qb3 Qb6 10. Qxb6 axb6 11. Ne5 0-0 12. Nb3 Nbd7 13. Nxd7 Nxd7 14. Bd2 Nf6 15. Rfc1 Bd6 16. e3 Ne4 17. Be1 1/2-1/2

[Event "Oberliga Bayern 0304"]
[Site "Bayern"]
[Date "2004.04.25"]
[Round "9.8"]
[White "Muehlbauer, Andreas"]
[Black "Wiendieck, Joerg"]
[Result "1-0"]
[WhiteElo "2066"]
[BlackElo "1854"]
[PlyCount "29"]
[EventDate "2003.10.12"]
[EventType "team-tourn"]
[EventRounds "9"]
[EventCountry "GER"]
[SourceTitle "EXT 2006"]
[Source "ChessBase"]
[SourceDate "2005.11.24"]
[SourceVersion "1"]
[SourceVersionDate "2005.11.24"]
[SourceQuality "1"]
[WhiteTeam "Koetzting"]
[BlackTeam "Krumbach"]
[WhiteTeamCountry "GER"]
[BlackTeamCountry "GER"]

1. e4 e6 2. d4 d5 3. Nd2 dxe4 4. Nxe4 Nf6 5. Bd3 Be7 6. Nf3 h6 7. 0-0 0-0 8. Qe2 Nbd7 9. c3 Nxe4 10. Qxe4 Nf6 11. Qh4 Nh7 12. Qg3 Bd6 13. Ne5 Bxe5 14. Qxe5 b6 15. Qe4 1-0

[Event "Augsburg Afro op"]
[Site "Augsburg"]
[Date "2003.08.10"]
[Round "7"]
[White "Trapp, Maximilian"]
[Black "Wiendieck, Joerg"]
[Result "1/2-1/2"]
[WhiteElo "1606"]
[BlackElo "1978"]
[PlyCount "47"]
[EventDate "2003.08.06"]
[EventType "swiss"]
[EventRounds "7"]
[EventCountry "GER"]
[SourceTitle "EXT 2006"]
[Source "ChessBase"]
[SourceDate "2005.11.24"]
[SourceVersion "1"]
[SourceVersionDate "2005.11.24"]
[SourceQuality "1"]

1. f4 d5 2. Nf3 Nf6 3. e3 e6 4. d4 c5 5. c3 Be7 6. Bd3 Nc6 7. 0-0 Qb6 8. Nbd2 0-0 9. Kh1 Ng4 10. Ng5 f5 11. Ndf3 Bd7 12. Qe1 Rf6 13. h3 Rh6 14. Kg1 Nf6 15. Ne5 Nxe5 16. fxe5 Ne4 17. Nxe4 dxe4 18. Be2 Bh4 19. Qd1 Bg3 20. dxc5 Qc7 21. Bc4 Bc6 22. Rxf5 Bxe5 23. Qb3 Bd7 24. Bd2 1/2-1/2

[Event "Augsburg Afro op"]
[Site "Augsburg"]
[Date "2003.08.09"]
[Round "6"]
[White "Wiendieck, Joerg"]
[Black "Gerber, Helmut"]
[Result "1-0"]
[WhiteElo "1978"]
[BlackElo "1630"]
[PlyCount "65"]
[EventDate "2003.08.06"]
[EventType "swiss"]
[EventRounds "7"]
[EventCountry "GER"]
[SourceTitle "EXT 2006"]
[Source "ChessBase"]
[SourceDate "2005.11.24"]
[SourceVersion "1"]
[SourceVersionDate "2005.11.24"]
[SourceQuality "1"]

1. d4 Nf6 2. c4 g6 3. Nc3 Bg7 4. e4 d6 5. Nf3 0-0 6. h3 e5 7. d5 Na6 8. Be3 Nc5 9. Bd3 Nxd3+ 10. Qxd3 a6 11. 0-0 Nh5 12. Nd2 Nf4 13. Bxf4 exf4 14. Rab1 g5 15. b4 g4 16. Kh2 Qh4 17. Ne2 Be5 18. Ng1 f5 19. Rbe1 Rf6 20. g3 f3 21. c5 Bd7 22. c6 bxc6 23. dxc6 Be6 24. exf5 Bxf5 25. Qd5+ Be6 26. Qxe5 Qxh3+ 27. Nxh3 dxe5 28. Ng5 Rh6+ 29. Kg1 Bxa2 30. Rxe5 Rd8 31. Nde4 Bc4 32. Re1 Rhd6 33. Nxd6 1-0

[Event "Oberliga Bayern 9900"]
[Site "Bayern"]
[Date "2000.03.12"]
[Round "7.8"]
[White "Stock, Christoph"]
[Black "Wiendieck, Joerg"]
[Result "1-0"]
[WhiteElo "2050"]
[BlackElo "1885"]
[PlyCount "93"]
[EventDate "1999.10.10"]
[EventType "team-tourn"]
[EventRounds "9"]
[EventCountry "GER"]
[SourceTitle "EXT 2020"]
[Source "ChessBase"]
[SourceDate "2019.10.17"]
[SourceVersion "1"]
[SourceVersionDate "2019.10.17"]
[SourceQuality "1"]
[WhiteTeam "Muenchen 36"]
[BlackTeam "Krumbach"]
[WhiteTeamCountry "GER"]
[BlackTeamCountry "GER"]

1. e4 c5 2. Nf3 Nc6 3. d3 g6 4. g3 Bg7 5. Bg2 Nf6 6. 0-0 d5 7. Nbd2 0-0 8. c3 e5 9. Re1 dxe4 10. dxe4 h6 11. Qc2 Be6 12. Bf1 Qc7 13. h3 Rac8 14. Nc4 Rfd8 15. g4 Nh7 16. Ne3 Qe7 17. Bc4 Bxc4 18. Nxc4 Qe6 19. Ne3 c4 20. Qa4 Rd3 21. Kg2 Ne7 22. Qxa7 Qc6 23. Nc2 Qf6 24. Be3 h5 25. Qxb7 hxg4 26. hxg4 Bh6 27. Qb5 Bf4 28. Nb4 Rdd8 29. Rad1 Ng5 30. Nxg5 Qxg5 31. Bxf4 Qxf4 32. f3 Rd2+ 33. Rxd2 Qxd2+ 34. Kf1 Rd8 35. Qxe5 Qxb2 36. Qxe7 Rd2 37. Qc5 Rh2 38. Qg1 Rd2 39. Qe3 Rd8 40. Re2 Qb1+ 41. Kg2 Rd1 42. a4 Rh1 43. Qf2 Qc1 44. Nd5 Rh8 45. Re1 Qa3 46. Rb1 Qd6 47. Qg3 1-0